[Event "33. Open Ciutat de Badalona 2007"]
[Site "Badalona ESP"]
[Date "2007.08.02"]
[Round "1.1"]
[White "Delchev, Aleksander"]
[Black "Gago Padreny, Ignacio"]
[Result "1-0"]
[WhiteElo "2591"]
[BlackElo "2124"]
[PlyCount "75"]
[EventDate "2007.08.02"]
[EventType "swiss"]
[EventRounds "9"]
[EventCountry "ESP"]
[SourceTitle "Ajedrez en Madrid"]
[Source "lmi"]
[SourceDate "2007.08.02"]
[SourceVersion "1"]
[SourceVersionDate "2018.07.18"]
[SourceQuality "1"]

1. d4 d5 2. c4 e6 3. Nc3 Be7 4. cxd5 exd5 5. Bf4 c6 6. e3 Bf5 7. g4 Be6 8. h3
Nd7 9. Bd3 g5 10. Bg3 h5 11. gxh5 Ngf6 12. Qc2 Nxh5 13. Bh2 Nb6 14. O-O-O Bd6
15. Bxd6 Qxd6 16. Nf3 Qe7 17. Rdg1 f6 18. h4 g4 19. Nh2 Qd7 20. Bg6+ Ke7 21.
Nf1 Nc4 22. Ne2 Nd6 23. Bxh5 Rxh5 24. Nfg3 Rh6 25. Nf4 Bg8 26. h5 Bh7 27. Ng6+
Kf7 28. Ne2 Bxg6 29. hxg6+ Rxg6 30. Nf4 Rg7 31. Rh6 Qf5 32. Nh5 Rg6 33. Rh7+
Kg8 34. Qxf5 Nxf5 35. Rxb7 Nd6 36. Rc7 Rc8 37. Rxc8+ Nxc8 38. Rxg4 1-0

[Event "33. Open Ciutat de Badalona 2007"]
[Site "Badalona ESP"]
[Date "2007.08.02"]
[Round "1.3"]
[White "Narciso Dublan, Marc"]
[Black "Montell Zabay, Albert"]
[Result "1-0"]
[WhiteElo "2552"]
[BlackElo "2118"]
[PlyCount "31"]
[EventDate "2007.08.02"]
[EventType "swiss"]
[EventRounds "9"]
[EventCountry "ESP"]
[SourceTitle "Ajedrez en Madrid"]
[Source "lmi"]
[SourceDate "2007.08.02"]
[SourceVersion "1"]
[SourceVersionDate "2018.07.18"]
[SourceQuality "1"]

1. d4 Nf6 2. c4 c5 3. d5 e6 4. Nc3 b5 5. dxe6 fxe6 6. Nxb5 Ba6 7. a4 d5 8. Nf3
Nbd7 9. g3 Bxb5 10. axb5 Nb6 11. Ng5 Qd6 12. Bh3 e5 13. cxd5 Nfxd5 14. Ne6 e4
15. O-O h5 16. Qc2 1-0

[Event "33. Open Ciutat de Badalona 2007"]
[Site "Badalona ESP"]
[Date "2007.08.02"]
[Round "1.4"]
[White "Rafols Albet, Josep"]
[Black "Hernandez Carmenates, Holden"]
[Result "0-1"]
[WhiteElo "2115"]
[BlackElo "2544"]
[PlyCount "54"]
[EventDate "2007.08.02"]
[EventType "swiss"]
[EventRounds "9"]
[EventCountry "ESP"]
[SourceTitle "Ajedrez en Madrid"]
[Source "lmi"]
[SourceDate "2007.08.02"]
[SourceVersion "1"]
[SourceVersionDate "2018.07.18"]
[SourceQuality "1"]

1. b3 e5 2. Bb2 Nc6 3. e3 d5 4. Bb5 Bd6 5. Ne2 Nf6 6. O-O O-O 7. Bxc6 bxc6 8.
f4 Qe7 9. Kh1 Bg4 10. Bxe5 Bxe5 11. fxe5 Qxe5 12. Nbc3 c5 13. h3 Bh5 14. g4 Bg6
15. Nf4 d4 16. Nxg6 fxg6 17. exd4 cxd4 18. Qe2 Rae8 19. Rae1 Qg3 20. Qc4+ Kh8
21. Rxe8 Qxh3+ 22. Kg1 Qg3+ 23. Kh1 Rxe8 24. Qf7 Qh3+ 25. Kg1 Qg3+ 26. Kh1 Re1
27. Qf8+ Ng8 0-1

[Event "33. Open Ciutat de Badalona 2007"]
[Site "Badalona ESP"]
[Date "2007.08.02"]
[Round "1.5"]
[White "Czakon, Jakub"]
[Black "Molinero Martin, Joan"]
[Result "1-0"]
[WhiteElo "2505"]
[BlackElo "2114"]
[PlyCount "73"]
[EventDate "2007.08.02"]
[EventType "swiss"]
[EventRounds "9"]
[EventCountry "ESP"]
[SourceTitle "Ajedrez en Madrid"]
[Source "lmi"]
[SourceDate "2007.08.02"]
[SourceVersion "1"]
[SourceVersionDate "2018.07.18"]
[SourceQuality "1"]

1. d4 Nf6 2. c4 g6 3. Nc3 d5 4. cxd5 Nxd5 5. e4 Nxc3 6. bxc3 Bg7 7. Nf3 O-O 8.
Rb1 c5 9. Be2 Nc6 10. d5 Bxc3+ 11. Bd2 Bxd2+ 12. Qxd2 Nd4 13. Nxd4 cxd4 14.
Qxd4 Qa5+ 15. Qd2 Qxd2+ 16. Kxd2 Rd8 17. Ke3 e6 18. Bf3 exd5 19. exd5 Rb8 20.
Rhc1 Bf5 21. Rb3 Rbc8 22. Rxc8 Bxc8 23. Ra3 a6 24. Rc3 Kf8 25. Rc7 b6 26. Kd4
Ke8 27. Rc6 b5 28. Rc7 Bd7 29. Ra7 Bc8 30. Rc7 Bd7 31. Kc5 Rc8 32. d6 Kd8 33.
Kb6 Rb8+ 34. Bb7 Bc8 35. Rxf7 Bxb7 36. Rf8+ Kd7 37. Rxb8 1-0

[Event "33. Open Ciutat de Badalona 2007"]
[Site "Badalona ESP"]
[Date "2007.08.02"]
[Round "1.6"]
[White "Ridameya Tatche, Jose"]
[Black "Cuartas, Jaime Alexander"]
[Result "0-1"]
[WhiteElo "2109"]
[BlackElo "2504"]
[PlyCount "94"]
[EventDate "2007.08.02"]
[EventType "swiss"]
[EventRounds "9"]
[EventCountry "ESP"]
[SourceTitle "Ajedrez en Madrid"]
[Source "lmi"]
[SourceDate "2007.08.02"]
[SourceVersion "1"]
[SourceVersionDate "2018.07.18"]
[SourceQuality "1"]

1. d4 d5 2. Nf3 c5 3. c4 e6 4. cxd5 exd5 5. Nc3 Nc6 6. g3 Nf6 7. Bg2 Be7 8. O-O
O-O 9. h3 h6 10. Be3 c4 11. Ne5 Bb4 12. Qa4 Bxc3 13. Nxc6 bxc6 14. bxc3 Bd7 15.
Qa3 Bf5 16. Bf4 Re8 17. Rfe1 Re6 18. Be5 Nd7 19. g4 Bh7 20. f4 Be4 21. Bxe4
dxe4 22. f5 Re8 23. Bg3 Nb6 24. e3 Nd5 25. Qb2 Qg5 26. Qf2 h5 27. Bh4 Qh6 28.
g5 Qd6 29. Bg3 Qd7 30. Rf1 g6 31. fxg6 fxg6 32. Kh2 Rf8 33. Qc2 Kh7 34. Bf4 Qe6
35. Rac1 Rf5 36. Qg2 Raf8 37. Qg3 Qf7 38. Rc2 Kg8 39. Rff2 Nxf4 40. Rxf4 Rxf4
41. exf4 Qxf4 42. Qxf4 Rxf4 43. Re2 Kf7 44. Rb2 Ke6 45. Rb4 e3 46. Rb2 Kf5 47.
Rb1 Ke4 0-1

[Event "33. Open Ciutat de Badalona 2007"]
[Site "Badalona ESP"]
[Date "2007.08.02"]
[Round "1.7"]
[White "Almeida Quintana, Omar"]
[Black "Menac Comas, Joan Ramon"]
[Result "1-0"]
[WhiteElo "2501"]
[BlackElo "2108"]
[PlyCount "57"]
[EventDate "2007.08.02"]
[EventType "swiss"]
[EventRounds "9"]
[EventCountry "ESP"]
[SourceTitle "Ajedrez en Madrid"]
[Source "lmi"]
[SourceDate "2007.08.02"]
[SourceVersion "1"]
[SourceVersionDate "2018.07.18"]
[SourceQuality "1"]

1. d4 c6 2. c4 g6 3. Nc3 Bg7 4. e4 d5 5. e5 h5 6. Nf3 Nh6 7. Qb3 O-O 8. h3 dxc4
9. Bxc4 b5 10. Be2 Be6 11. Qd1 Bd5 12. g4 hxg4 13. hxg4 Nxg4 14. Rh4 Qd7 15.
Nxd5 cxd5 16. e6 Nxf2 17. Kxf2 Qxe6 18. Bh6 Nd7 19. Bxg7 Kxg7 20. Rh7+ Kxh7 21.
Ng5+ Kg7 22. Nxe6+ fxe6+ 23. Ke3 Nb6 24. b3 e5 25. Rc1 Rf4 26. dxe5 Re4+ 27.
Kd2 Rh8 28. Qg1 Rhh4 29. Rc6 1-0

[Event "33. Open Ciutat de Badalona 2007"]
[Site "Badalona ESP"]
[Date "2007.08.02"]
[Round "1.8"]
[White "Beltran, Jorge"]
[Black "Babaev, Rashad"]
[Result "0-1"]
[WhiteElo "2103"]
[BlackElo "2488"]
[PlyCount "45"]
[EventDate "2007.08.02"]
[EventType "swiss"]
[EventRounds "9"]
[EventCountry "ESP"]
[SourceTitle "Ajedrez en Madrid"]
[Source "lmi"]
[SourceDate "2007.08.02"]
[SourceVersion "1"]
[SourceVersionDate "2018.07.18"]
[SourceQuality "1"]

1. d4 Nf6 2. c4 c5 3. Nf3 cxd4 4. Nxd4 e5 5. Nb5 d5 6. cxd5 Bc5 7. N5c3 O-O 8.
h3 e4 9. g4 Qe7 10. Bg2 h6 11. a3 Rd8 12. Qc2 e3 13. Bxe3 Bxe3 14. fxe3 Qxe3
15. Qd3 Qc1+ 16. Kf2 Qxb2 17. Nd2 Qb6+ 18. Kg3 Qd6+ 19. Kf2 Nbd7 20. e4 b6 21.
Nf3 Ne5 22. Qd4 Ba6 23. Qb4 0-1

[Event "33. Open Ciutat de Badalona 2007"]
[Site "Badalona ESP"]
[Date "2007.08.02"]
[Round "1.9"]
[White "Schneider, Dmitry"]
[Black "Fernandez Gonzalez, Julio Honor"]
[Result "1-0"]
[WhiteElo "2488"]
[BlackElo "2094"]
[PlyCount "121"]
[EventDate "2007.08.02"]
[EventType "swiss"]
[EventRounds "9"]
[EventCountry "ESP"]
[SourceTitle "Ajedrez en Madrid"]
[Source "lmi"]
[SourceDate "2007.08.02"]
[SourceVersion "1"]
[SourceVersionDate "2018.07.18"]
[SourceQuality "1"]

1. e4 e5 2. Nf3 Nf6 3. Nxe5 d6 4. Nf3 Nxe4 5. Nc3 Nxc3 6. dxc3 Be7 7. Bf4 Be6
8. Qd2 Qd7 9. Nd4 a6 10. Be2 Nc6 11. Nxe6 Qxe6 12. O-O O-O 13. Bf3 Bf6 14. Rfe1
Qf5 15. Be4 Qg4 16. h3 Qc8 17. Qd3 g6 18. Bxc6 bxc6 19. Bh6 Bg7 20. Bxg7 Kxg7
21. Re7 Re8 22. Qd4+ Kg8 23. Rae1 Rxe7 24. Rxe7 Qf5 25. Qc4 Kf8 26. Re3 Qd7 27.
Qh4 Kg7 28. Qd4+ Kg8 29. Qe4 Rf8 30. h4 h5 31. g3 Rb8 32. b3 Rb5 33. Qe8+ Qxe8
34. Rxe8+ Kg7 35. Rc8 Rc5 36. c4 d5 37. Rxc7 dxc4 38. b4 Rb5 39. a3 a5 40. c3
Rb6 41. Rd7 axb4 42. axb4 c5 43. bxc5 Rc6 44. Rd5 Kf6 45. Kf1 Ke6 46. Rg5 Ra6
47. Ke2 Ra3 48. Kd2 Rb3 49. f3 Ra3 50. g4 hxg4 51. fxg4 Rb3 52. c6 Kd6 53. Rc5
Rb8 54. c7 Rc8 55. Rxc4 Kd5 56. Kd3 f5 57. gxf5 gxf5 58. h5 f4 59. h6 f3 60. h7
f2 61. Rf4 1-0

[Event "33. Open Ciutat de Badalona 2007"]
[Site "Badalona ESP"]
[Date "2007.08.03"]
[Round "2.1"]
[White "Ibanez Terradellas, Eduardo"]
[Black "Delchev, Aleksander"]
[Result "0-1"]
[WhiteElo "2257"]
[BlackElo "2591"]
[PlyCount "86"]
[EventDate "2007.08.02"]
[EventType "swiss"]
[EventRounds "9"]
[EventCountry "ESP"]
[SourceTitle "Ajedrez en Madrid"]
[Source "lmi"]
[SourceDate "2007.08.02"]
[SourceVersion "1"]
[SourceVersionDate "2018.07.18"]
[SourceQuality "1"]

1. d4 Nf6 2. Bg5 e6 3. e4 c5 4. e5 h6 5. Bc1 Nh7 6. d5 d6 7. Bb5+ Bd7 8. Qe2
Bxb5 9. Qxb5+ Qd7 10. Qxd7+ Nxd7 11. dxe6 Nxe5 12. exf7+ Kxf7 13. Nh3 d5 14.
O-O Nf6 15. Bf4 Nc6 16. c3 c4 17. Nd2 Bc5 18. Be3 b6 19. Rfe1 Rhe8 20. Nf1 Ne5
21. b3 Nd3 22. Re2 Ng4 23. Rd1 Re7 24. g3 g5 25. b4 Bxe3 26. Nxe3 Rae8 27. Red2
Nxe3 28. fxe3 Rxe3 29. Nf2 Re1+ 30. Rxe1 Rxe1+ 31. Kg2 Nxf2 32. Kxf2 Rc1 33.
Rxd5 Ke6 34. Rd4 Rxc3 35. h4 b5 36. Rd8 gxh4 37. gxh4 Rh3 38. Rb8 c3 39. Ke2
Rh2+ 40. Kd1 a6 41. Rb6+ Kd5 42. Rxa6 Kc4 43. Rxh6 Rxa2 0-1

[Event "33. Open Ciutat de Badalona 2007"]
[Site "Badalona ESP"]
[Date "2007.08.03"]
[Round "2.2"]
[White "Moskalenko, Viktor"]
[Black "Perales Galindo, Eduard"]
[Result "1-0"]
[WhiteElo "2560"]
[BlackElo "2261"]
[PlyCount "51"]
[EventDate "2007.08.02"]
[EventType "swiss"]
[EventRounds "9"]
[EventCountry "ESP"]
[SourceTitle "Ajedrez en Madrid"]
[Source "lmi"]
[SourceDate "2007.08.02"]
[SourceVersion "1"]
[SourceVersionDate "2018.07.18"]
[SourceQuality "1"]

1. d4 d6 2. e4 Nd7 3. c4 e5 4. Ne2 g6 5. Nbc3 Bg7 6. g3 Ngf6 7. Bg2 O-O 8. O-O
Re8 9. h3 exd4 10. Nxd4 Nc5 11. Re1 a5 12. Nb3 Ne6 13. Be3 a4 14. Nd4 Nxd4 15.
Bxd4 a3 16. b3 c5 17. Be3 Ng4 18. Qd2 Nxe3 19. Rxe3 Be6 20. Rd1 Bd4 21. Rd3 Qc8
22. g4 Be5 23. Nb5 Ra6 24. f4 Bb2 25. Nxd6 Rxd6 26. Rxd6 1-0

[Event "33. Open Ciutat de Badalona 2007"]
[Site "Badalona ESP"]
[Date "2007.08.03"]
[Round "2.3"]
[White "Tscharotschkin, Michael"]
[Black "Narciso Dublan, Marc"]
[Result "1/2-1/2"]
[WhiteElo "2236"]
[BlackElo "2552"]
[PlyCount "67"]
[EventDate "2007.08.02"]
[EventType "swiss"]
[EventRounds "9"]
[EventCountry "ESP"]
[SourceTitle "Ajedrez en Madrid"]
[Source "lmi"]
[SourceDate "2007.08.02"]
[SourceVersion "1"]
[SourceVersionDate "2018.07.18"]
[SourceQuality "1"]

1. e4 e5 2. Nf3 Nc6 3. c3 Nf6 4. d4 exd4 5. e5 Nd5 6. cxd4 Bb4+ 7. Bd2 Bxd2+ 8.
Qxd2 O-O 9. Bd3 d6 10. O-O Be6 11. Re1 dxe5 12. dxe5 Qe7 13. Nc3 Rfd8 14. Be4
Ncb4 15. a3 Nxc3 16. Qxc3 Nd5 17. Qc2 g6 18. Nd4 c6 19. Rad1 Rd7 20. Nxe6 Qxe6
21. Qb3 Nb6 22. Qxe6 fxe6 23. Rxd7 Nxd7 24. Bc2 Kf7 25. f4 Nb6 26. Rd1 Nd5 27.
Kf2 a5 28. Kf3 Ra6 29. g4 Rb6 30. b3 Rb5 31. Rd4 Ke7 32. Rc4 Nb6 33. Rc3 Nd5
34. Rc4 1/2-1/2

[Event "33. Open Ciutat de Badalona 2007"]
[Site "Badalona ESP"]
[Date "2007.08.03"]
[Round "2.5"]
[White "Lopez Santana, Oscar"]
[Black "Czakon, Jakub"]
[Result "0-1"]
[WhiteElo "2231"]
[BlackElo "2505"]
[PlyCount "52"]
[EventDate "2007.08.02"]
[EventType "swiss"]
[EventRounds "9"]
[EventCountry "ESP"]
[SourceTitle "Ajedrez en Madrid"]
[Source "lmi"]
[SourceDate "2007.08.02"]
[SourceVersion "1"]
[SourceVersionDate "2018.07.18"]
[SourceQuality "1"]

1. e4 c5 2. Nf3 d6 3. Bb5+ Nc6 4. O-O Bd7 5. Re1 Nf6 6. c3 a6 7. Bf1 Bg4 8. d4
cxd4 9. cxd4 d5 10. e5 Ng8 11. Be3 e6 12. Nc3 Nge7 13. h3 Bxf3 14. Qxf3 Nf5 15.
Qd1 Be7 16. Bd3 Nfxd4 17. Bxd4 Nxd4 18. Qg4 Qb6 19. Qxg7 Kd7 20. Bxh7 Raf8 21.
Rad1 Kc7 22. Re3 Nc6 23. Na4 Qb4 24. b3 Qh4 25. Bd3 Rfg8 26. Qxf7 Rf8 0-1

[Event "33. Open Ciutat de Badalona 2007"]
[Site "Badalona ESP"]
[Date "2007.08.03"]
[Round "2.6"]
[White "Cuartas, Jaime Alexander"]
[Black "Cuartas, Jorge Humberto"]
[Result "1/2-1/2"]
[WhiteElo "2504"]
[BlackElo "2236"]
[PlyCount "62"]
[EventDate "2007.08.02"]
[EventType "swiss"]
[EventRounds "9"]
[EventCountry "ESP"]
[SourceTitle "Ajedrez en Madrid"]
[Source "lmi"]
[SourceDate "2007.08.02"]
[SourceVersion "1"]
[SourceVersionDate "2018.07.18"]
[SourceQuality "1"]

1. e4 c5 2. c3 Nf6 3. e5 Nd5 4. g3 d6 5. exd6 e6 6. Bg2 Bxd6 7. Nf3 O-O 8. d4
Nc6 9. O-O Nf6 10. Bg5 h6 11. dxc5 Bxc5 12. Qxd8 Rxd8 13. Bxf6 gxf6 14. Nbd2 e5
15. Rfd1 Be6 16. Nb3 Be7 17. Nfd2 Rac8 18. Ne4 b6 19. Rxd8+ Nxd8 20. Rd1 Nc6
21. Ned2 a5 22. a4 Rd8 23. Ra1 Nb4 24. Bf1 Nd3 25. Bxd3 Rxd3 26. Kf1 f5 27. Ke2
Rd8 28. Nc1 Bg5 29. Ncb3 Be7 30. Nc1 Bg5 31. Ncb3 Be7 1/2-1/2

[Event "33. Open Ciutat de Badalona 2007"]
[Site "Badalona ESP"]
[Date "2007.08.03"]
[Round "2.7"]
[White "Montagard, Guillaume"]
[Black "Almeida Quintana, Omar"]
[Result "1/2-1/2"]
[WhiteElo "2221"]
[BlackElo "2501"]
[PlyCount "66"]
[EventDate "2007.08.02"]
[EventType "swiss"]
[EventRounds "9"]
[EventCountry "ESP"]
[SourceTitle "Ajedrez en Madrid"]
[Source "lmi"]
[SourceDate "2007.08.02"]
[SourceVersion "1"]
[SourceVersionDate "2018.07.18"]
[SourceQuality "1"]

1. Nf3 c5 2. c4 Nc6 3. Nc3 g6 4. g3 Bg7 5. Bg2 d6 6. O-O e5 7. d3 Nge7 8. a3
O-O 9. Rb1 a5 10. Nd5 Nxd5 11. cxd5 Ne7 12. Nd2 b5 13. a4 Bb7 14. e4 bxa4 15.
Nc4 f5 16. Qxa4 Ba6 17. Bd2 fxe4 18. dxe4 Qb8 19. b3 Bb5 20. Qa2 Ra6 21. Rfc1
Qa7 22. Bf1 Qd7 23. Nxa5 Bxf1 24. Rxf1 Rfa8 25. Ra1 Nc8 26. Qb2 Qb5 27. Nc4
Rxa1 28. Rxa1 Rxa1+ 29. Qxa1 Qxb3 30. Qa8 Qb1+ 31. Kg2 Qxe4+ 32. Kg1 Qb1+ 33.
Kg2 Qe4+ 1/2-1/2

[Event "33. Open Ciutat de Badalona 2007"]
[Site "Badalona ESP"]
[Date "2007.08.03"]
[Round "2.8"]
[White "Babaev, Rashad"]
[Black "Olsen, Peter Erik"]
[Result "1-0"]
[WhiteElo "2488"]
[BlackElo "2235"]
[PlyCount "59"]
[EventDate "2007.08.02"]
[EventType "swiss"]
[EventRounds "9"]
[EventCountry "ESP"]
[SourceTitle "Ajedrez en Madrid"]
[Source "lmi"]
[SourceDate "2007.08.02"]
[SourceVersion "1"]
[SourceVersionDate "2018.07.18"]
[SourceQuality "1"]

1. e4 d5 2. exd5 Qxd5 3. Nc3 Qa5 4. d4 Nf6 5. Nf3 Nc6 6. Bd2 Bg4 7. Nb5 Qb6 8.
c4 Bxf3 9. Qxf3 Nxd4 10. Nxd4 Qxd4 11. Qxb7 Qe4+ 12. Qxe4 Nxe4 13. Be3 e6 14.
Bd3 Nc5 15. Be2 Rb8 16. O-O-O Bd6 17. Kc2 Ke7 18. f4 a5 19. Rhe1 g6 20. g4 Rhd8
21. f5 Kf8 22. fxg6 hxg6 23. h4 Nd7 24. h5 Be5 25. b3 gxh5 26. gxh5 f5 27. Bf3
Rbc8 28. Bb7 Rb8 29. Bc6 Nb6 30. Rxd8+ 1-0

[Event "33. Open Ciutat de Badalona 2007"]
[Site "Badalona ESP"]
[Date "2007.08.04"]
[Round "3.1"]
[White "Delchev, Aleksander"]
[Black "Ronchetti, Niccolo'"]
[Result "1-0"]
[WhiteElo "2591"]
[BlackElo "2410"]
[PlyCount "113"]
[EventDate "2007.08.02"]
[EventType "swiss"]
[EventRounds "9"]
[EventCountry "ESP"]
[SourceTitle "Ajedrez en Madrid"]
[Source "lmi"]
[SourceDate "2007.08.02"]
[SourceVersion "1"]
[SourceVersionDate "2018.07.18"]
[SourceQuality "1"]

1. e4 c5 2. Nf3 Nc6 3. Bb5 e6 4. O-O Nge7 5. Nc3 a6 6. Bxc6 Nxc6 7. d4 cxd4 8.
Nxd4 Qc7 9. Nxc6 dxc6 10. Qh5 g6 11. Qh4 Bg7 12. Bh6 O-O 13. Bxg7 Kxg7 14. f4
Qb6+ 15. Qf2 Qxf2+ 16. Rxf2 Rd8 17. e5 b6 18. Ne4 c5 19. Nd6 Bd7 20. Rd2 Bc6
21. Rad1 Bd5 22. Nxf7 Kxf7 23. c4 g5 24. fxg5 Kg6 25. cxd5 Rxd5 26. Rxd5 exd5
27. Rxd5 Kxg5 28. Kf2 Kf4 29. e6 Ke4 30. Rd7 Re8 31. e7 b5 32. Ke2 Ke5 33. Ra7
Kd6 34. Rxa6+ Kxe7 35. Rh6 Kf7+ 36. Kd3 Kg7 37. Rh5 Rc8 38. Kc3 Kg6 39. g4 Rc7
40. a3 Kf6 41. h3 Ke6 42. b4 Ra7 43. bxc5 Ra4 44. Kb3 Kd7 45. Rxh7+ Kc6 46. Rf7
Re4 47. Rf3 Kxc5 48. Rg3 b4 49. g5 bxa3 50. g6 Re8 51. h4 Ra8 52. Ka2 Kd5 53.
g7 Rg8 54. h5 Ke6 55. h6 Kf7 56. h7 Rxg7 57. Rf3+ 1-0

[Event "33. Open Ciutat de Badalona 2007"]
[Site "Badalona ESP"]
[Date "2007.08.04"]
[Round "3.2"]
[White "Rojas, Luis"]
[Black "Moskalenko, Viktor"]
[Result "1/2-1/2"]
[WhiteElo "2385"]
[BlackElo "2560"]
[PlyCount "117"]
[EventDate "2007.08.02"]
[EventType "swiss"]
[EventRounds "9"]
[EventCountry "ESP"]
[SourceTitle "Ajedrez en Madrid"]
[Source "lmi"]
[SourceDate "2007.08.02"]
[SourceVersion "1"]
[SourceVersionDate "2018.07.18"]
[SourceQuality "1"]

1. e4 e6 2. d4 d5 3. e5 c5 4. c3 Nc6 5. Nf3 Nh6 6. dxc5 Bxc5 7. b4 Bb6 8. b5
Ne7 9. Bd3 Ng6 10. O-O Qc7 11. Qe2 O-O 12. Ba3 Bc5 13. Bxc5 Qxc5 14. Nd4 f6 15.
Bxg6 hxg6 16. exf6 Rxf6 17. Nd2 Bd7 18. N2f3 Nf7 19. Rac1 Re8 20. c4 e5 21. Nb3
Qb6 22. Qd2 Rxf3 23. gxf3 d4 24. Rfe1 g5 25. Qe2 Qf6 26. Nd2 Qf4 27. c5 g4 28.
c6 bxc6 29. bxc6 Bc8 30. fxg4 Ng5 31. f3 e4 32. h4 Nh3+ 33. Kh1 e3 34. Nf1 Nf2+
35. Kg2 d3 36. Qxf2 exf2 37. Rxe8+ Kf7 38. Re3 Qd4 39. Rd1 Ba6 40. Kxf2 Qc3 41.
Rd2 Qxc6 42. Ng3 Qc1 43. Ne4 Qh1 44. Kg3 g6 45. Ng5+ Kf8 46. Ne4 Qc1 47. Kg2
Bc4 48. h5 gxh5 49. gxh5 Kg7 50. Kf2 Qh1 51. Re1 Qxh5 52. Rg1+ Kf8 53. Ke3 Qh6+
54. Rg5 Qb6+ 55. Nc5 Qb1 56. Rgg2 Qb6 57. Rg5 Qb1 58. Rgg2 Qb6 59. Ke4 1/2-1/2

[Event "33. Open Ciutat de Badalona 2007"]
[Site "Badalona ESP"]
[Date "2007.08.04"]
[Round "3.3"]
[White "Czakon, Jakub"]
[Black "Perpinya Rofes, Lluis Maria"]
[Result "1-0"]
[WhiteElo "2505"]
[BlackElo "2400"]
[PlyCount "79"]
[EventDate "2007.08.02"]
[EventType "swiss"]
[EventRounds "9"]
[EventCountry "ESP"]
[SourceTitle "Ajedrez en Madrid"]
[Source "lmi"]
[SourceDate "2007.08.02"]
[SourceVersion "1"]
[SourceVersionDate "2018.07.18"]
[SourceQuality "1"]

1. d4 Nf6 2. c4 g6 3. Nc3 Bg7 4. e4 d6 5. Nf3 O-O 6. Be2 Na6 7. O-O e5 8. Be3
Qe8 9. h3 exd4 10. Bxd4 b6 11. Bd3 Bb7 12. Nd5 Qd8 13. Re1 Re8 14. Qc2 c6 15.
Nxf6+ Bxf6 16. Qc3 Kg7 17. Rad1 Bxd4 18. Nxd4 Qf6 19. Re3 Kg8 20. Bb1 Rad8 21.
Ne2 Kg7 22. Red3 Qxc3 23. Nxc3 Re6 24. R3d2 Nc7 25. a3 Ne8 26. f4 Rc8 27. Kf2
a6 28. Bd3 b5 29. Be2 h5 30. b3 Re7 31. Bf3 Ba8 32. c5 dxc5 33. e5 Nc7 34. Ne4
Ne6 35. Ke3 Rcc7 36. g4 hxg4 37. hxg4 Rc8 38. f5 gxf5 39. gxf5 Kg8 40. Ke2 1-0

[Event "33. Open Ciutat de Badalona 2007"]
[Site "Badalona ESP"]
[Date "2007.08.04"]
[Round "3.4"]
[White "Bijaoui, Manuel"]
[Black "Babaev, Rashad"]
[Result "1/2-1/2"]
[WhiteElo "2357"]
[BlackElo "2488"]
[PlyCount "34"]
[EventDate "2007.08.02"]
[EventType "swiss"]
[EventRounds "9"]
[EventCountry "ESP"]
[SourceTitle "Ajedrez en Madrid"]
[Source "lmi"]
[SourceDate "2007.08.02"]
[SourceVersion "1"]
[SourceVersionDate "2018.07.18"]
[SourceQuality "1"]

1. e4 c5 2. Nf3 d6 3. d4 cxd4 4. Nxd4 Nf6 5. Nc3 Nc6 6. Bg5 e6 7. Qd2 a6 8.
O-O-O Bd7 9. f3 h6 10. Be3 b5 11. Nxc6 Bxc6 12. Kb1 Qc7 13. Bd3 Be7 14. h4 Nd7
15. Ne2 Bb7 16. Nf4 h5 17. Qf2 Bf6 1/2-1/2

[Event "33. Open Ciutat de Badalona 2007"]
[Site "Badalona ESP"]
[Date "2007.08.04"]
[Round "3.5"]
[White "Schneider, Dmitry"]
[Black "Ryan, Joseph"]
[Result "1-0"]
[WhiteElo "2488"]
[BlackElo "2320"]
[PlyCount "103"]
[EventDate "2007.08.02"]
[EventType "swiss"]
[EventRounds "9"]
[EventCountry "ESP"]
[SourceTitle "Ajedrez en Madrid"]
[Source "lmi"]
[SourceDate "2007.08.02"]
[SourceVersion "1"]
[SourceVersionDate "2018.07.18"]
[SourceQuality "1"]

1. e4 e6 2. d4 d5 3. Nd2 Nf6 4. e5 Nfd7 5. c3 c5 6. Ngf3 Nc6 7. Bd3 cxd4 8.
cxd4 a5 9. O-O a4 10. a3 Nb6 11. Re1 Bd7 12. Nf1 Be7 13. Ng3 h5 14. h3 Na5 15.
Rb1 Nbc4 16. Ne2 b5 17. g4 hxg4 18. hxg4 Nb3 19. Kg2 Bc6 20. Be3 Kd7 21. Nf4 g6
22. Bc2 b4 23. axb4 Bxb4 24. Rh1 Rxh1 25. Qxh1 Qh8 26. Qxh8 Rxh8 27. Nd3 Nxe3+
28. fxe3 Be7 29. Bxb3 axb3 30. Rc1 Ra8 31. Rc3 Bb5 32. Rxb3 Bc4 33. Rb7+ Ke8
34. Nc5 Kd8 35. Kg3 Ra1 36. b4 Rb1 37. Rb8+ Kc7 38. Re8 Bd8 39. Rf8 Rxb4 40.
Rxf7+ Kc6 41. Nxe6 Ba5 42. Ng7 Rb7 43. Rf6+ Kb5 44. Rxg6 Bd3 45. Nf5 Bb4 46.
Nd6+ Ka4 47. Nxb7 Bxg6 48. Nd6 Ka5 49. Kf4 Kb6 50. Nh4 Bc2 51. g5 Kc6 52. Nhf5
1-0

[Event "33. Open Ciutat de Badalona 2007"]
[Site "Badalona ESP"]
[Date "2007.08.04"]
[Round "3.6"]
[White "Schneider, Igor"]
[Black "Gonzalez Vidal, Yuri"]
[Result "1/2-1/2"]
[WhiteElo "2332"]
[BlackElo "2475"]
[PlyCount "141"]
[EventDate "2007.08.02"]
[EventType "swiss"]
[EventRounds "9"]
[EventCountry "ESP"]
[SourceTitle "Ajedrez en Madrid"]
[Source "lmi"]
[SourceDate "2007.08.02"]
[SourceVersion "1"]
[SourceVersionDate "2018.07.18"]
[SourceQuality "1"]

1. e4 e5 2. Nf3 Nc6 3. Bb5 a6 4. Ba4 Nf6 5. O-O Be7 6. Re1 b5 7. Bb3 d6 8. c3
O-O 9. h3 Bb7 10. d4 Re8 11. Nbd2 Bf8 12. d5 Nb8 13. Nf1 Nbd7 14. N3h2 Nc5 15.
Bc2 c6 16. b4 Ncd7 17. dxc6 Bxc6 18. Bg5 h6 19. Bxf6 Nxf6 20. Ng4 Nxg4 21. Qxg4
Bd7 22. Qf3 Rc8 23. Bb3 Be6 24. Qd3 Qc7 25. Rec1 Be7 26. Rc2 Bg5 27. Bd5 Bxd5
28. Qxd5 Qc4 29. Rd1 Red8 30. g3 h5 31. h4 Bh6 32. f3 Qxd5 33. Rxd5 Rc6 34. Kf2
Rdc8 35. Rd3 a5 36. a3 axb4 37. axb4 Rc4 38. Rxd6 Rxb4 39. Rd8+ Rxd8 40. cxb4
Rd4 41. Rc5 Rxb4 42. Rxe5 Rb2+ 43. Ke1 Rb1+ 44. Ke2 Rb2+ 45. Kd1 Rf2 46. Ke1
Rxf3 47. Rxb5 g6 48. Ke2 Ra3 49. Rd5 Kg7 50. Rd3 Rxd3 51. Kxd3 Kf6 52. Ke2 Ke5
53. Kf3 Kd4 54. Nh2 Bf8 55. Nf1 Bh6 56. Nh2 Bf8 57. Nf1 Bd6 58. Nd2 Kc3 59. e5
Bxe5 60. Ne4+ Kd3 61. Ng5 f6 62. Ne6 Bd6 63. Ng7 Kd4 64. g4 hxg4+ 65. Kxg4 Ke4
66. h5 gxh5+ 67. Kxh5 Bf8 68. Ne6 Be7 69. Ng7 Ke5 70. Kg6 Bc5 71. Nf5 1/2-1/2